North East career year book / (Record no. 78141)

MARC details
000 -LEADER
fixed length control field 00599nam a22001937a 4500
005 - DATE AND TIME OF LATEST TRANSACTION
control field 20130913145050.0
010 ## - LCCN (DPL NO)
LC control number ENG-108175
020 ## - INTERNATIONAL STANDARD BOOK NUMBER
International Standard Book Number 9789380261690
Terms of availability 175.00
035 ## - SYSTEM CONTROL NUMBER
System control number EN-91708
037 ## - SOURCE OF ACQUISITION
Source of stock number/acquisition DBAD/PUB
082 ## - DEWEY DECIMAL CLASSIFICATION NUMBER
Classification number 331.70209541
245 10 - TITLE STATEMENT
Title North East career year book /
Statement of responsibility, etc edited by Anubhuti Dutta [and] Zakirul Alam
260 ## - PUBLICATION, DISTRIBUTION, ETC. (IMPRINT)
Place of publication, distribution, etc Guwahati
Name of publisher, distributor, etc EBH Publishers
Date of publication, distribution, etc 2012
270 ## - ADDRESS
Address 136,M.L.Nehru Road, Panbazar
City Guwahati
Postal code 781001
300 ## - PHYSICAL DESCRIPTION
Extent 367p. :
Dimensions 18cm(pbk)
Other physical details ill.
700 ## - ADDED ENTRY--PERSONAL NAME
Personal name Dutta, Anubhuti
700 ## - ADDED ENTRY--PERSONAL NAME
Personal name Alam, Zakirul
942 ## - ADDED ENTRY ELEMENTS (KOHA)
Source of classification or shelving scheme Dewey Decimal Classification
Item type English Books
Call number suffix NOR
Classification part 331.70209541
Holdings
Withdrawn status Lost status Not for loan Collection code Home library Current library Date acquired Source of acquisition Cost, normal purchase price Full call number Barcode Copy number Cost, replacement price Koha item type
    Not For Loan Non-fiction D.B.Act.Division D.B.Act.Division 29/07/2013 DBAD / PUB 175.00 331.70209541 NOR EN-91708 1 175.00 English Books

© Delhi Public Library
Hit Counter
free hit counter